| 000 | 00826 a2200265 4500 | ||
|---|---|---|---|
| 001 | 200001324 | ||
| 999 |
_c200001324 _d32528 |
||
| 003 | TR-AnTOB | ||
| 005 | 20230821111701.0 | ||
| 008 | 130118s2008 tu 000 0 | ||
| 020 | _a9786050060003 | ||
| 040 | _aTR-AnTOB | ||
| 041 | _atur | ||
| 050 |
_aPL193.F8 _bT87 2008 |
||
| 090 | _aGREF PL193.F8 T87 2008 | ||
| 245 | 0 |
_aTürkçe - Fransızca büyük sözlük : _bGrand dictionnarie Turc-Français / _c[Hazırlayan] Yalçın Kocabay. |
|
| 246 | 0 | 3 | _aGrand dictionnarie Turc-Français |
| 250 | _aYen. göz. geç. 7. bsk. | ||
| 264 | 1 |
_aAnkara : _bOkutman, _c2008. |
|
| 300 |
_a1079 s ; _c24 sm. |
||
| 650 | 7 |
_aTürk dili _vSözlükler _xFransızca _2etuturkob _98438 |
|
| 650 | 0 |
_aTurkish language _vDictionaries _xFrench _969623 |
|
| 740 | _aGrand dictionnarie Turc-Français | ||
| 942 | _cREF | ||